LEADER 01205nas 2200397 c 450 001 9910895460003321 005 20260218113252.0 035 $a(CKB)1000000000523965 035 $a(OCoLC)645234208 035 $a(DE-101)991857275 035 $a(DE-599)ZDB2471093-3 035 $a(DE-599)2471093-3 035 $a(EXLCZ)991000000000523965 100 $a20081216b18971921 |y | 101 0 $aita 135 $aur||||||||||| 181 $ctxt$2rdacontent 182 $cc$2rdamedia 183 $acr$2rdacarrier 200 10$aAtti dell'Istituto Botanico dell'Universita? di Pavia 210 31$aMilano$d1897-1921 215 $aOnline-Ressource 300 $aGesehen am 21.09.20 311 08$a0373-3947 517 $aAtti dell'Istituto botanico e del Laboratorio crittogamico dell'Università di Pavia 517 1 $aAtti / Istituto botanico della Universit[e?] Laboratorio crittogamico, Pavia 608 $aZeitschrift$2gnd-content 676 $a580 686 $aBIODIV$qDE-30$2fid 801 0$b8999 801 1$bDE-101 801 2$b9001 906 $aJOURNAL 912 $a9910895460003321 996 $aAtti dell'Istituto Botanico dell'Università di Pavia$9800006 997 $aUNINA